Бетон ячеистый. Методы испытаний; ГОСТ 12852.0-77 Бетон ячеистый. Общие требования к методам испытаний; ГОСТ 12852.5-77 Бетон ячеистый. Метод определения коэффициента паропроницаемости; ГОСТ 12852.6-77 Бетон ячеистый. Метод определения сорбционной влажности

Bibliographic Details
Corporate Author: СССР Государственный комитет стандартов (Госстандарт)
Language:Russian
Published: Москва, Изд-во стандартов, 1978
Edition:Изд. офиц.
TOC:ГОСТ 12852.0-77 Бетон ячеистый. Общие требования к методам испытаний;
ГОСТ 12852.5-77 Бетон ячеистый. Метод определения коэффициента паропроницаемости;
ГОСТ 12852.6-77 Бетон ячеистый. Метод определения сорбционной влажности;
Series:Государственные стандарты
Subjects:
Format: MixedMaterials Book
KOHA link:https://koha.lib.tpu.ru/cgi-bin/koha/opac-detail.pl?biblionumber=153737

MARC

LEADER 00000nam0a2200000 4500
001 153737
005 20231031151510.0
035 |a (RuTPU)RU\TPU\book\166778 
035 |a RU\TPU\book\166776 
090 |a 153737 
100 |a 20090216d1978 km y0rusy50 ca 
101 0 |a rus 
102 |a RU 
105 |a a l 000zy 
200 1 |a Бетон ячеистый. Методы испытаний 
205 |a Изд. офиц. 
210 |a Москва  |c Изд-во стандартов  |d 1978 
215 |a 28 с.  |c ил. 
225 1 |a Государственные стандарты 
464 |t ГОСТ 12852.0-77 Бетон ячеистый. Общие требования к методам испытаний 
464 |t ГОСТ 12852.5-77 Бетон ячеистый. Метод определения коэффициента паропроницаемости 
464 |t ГОСТ 12852.6-77 Бетон ячеистый. Метод определения сорбционной влажности 
610 1 |a ГОСТы 
610 1 |a стандарты 
610 1 |a бетон 
610 1 |a требования 
610 1 |a методы определения 
610 1 |a методы испытания 
712 0 1 |a СССР  |b Государственный комитет стандартов (Госстандарт)  |c (1970-1978)  |2 stltpush  |3 (RuTPU)RU\TPU\col\4389 
801 2 |a RU  |b 63413507  |c 20221208  |g PSBO 
942 |c BK